000 00480nmm a2200157Ia 4500
008 251105s9999||||xx |||||||||||||||||und||
020 _a9788493137632
041 _aspa
100 _aRobles, Jesús (coord.)
245 0 _aSogecine :
_b 10 años de carteles de cine = 10 years of movie posters
264 _a[Madrid, España] :
_bOcho y Medio,
_c2000
300 _a202 páginas
650 _aFilm studies
856 _uhttps://public.digitaliapublishing.com/a/423
942 _cCF
999 _c89117
_d89117